Comparacion de estructuras de pavimento con sub-bases estabilizadas con cemento Portland emulsion asfaltica

Salvato in:
Dettagli Bibliografici
Autore principale: SandovalLeiton, Esteban
Natura: Tesi Libro
Lingua:Undetermined
Pubblicazione: 2000
Soggetti:
> > > > PAVIMENTOS
Tags: Aggiungi Tag
Nessun Tag, puoi essere il primo ad aggiungerne!!

MARC

LEADER 00000nam a2200000Ia 4500
001 10092
008 140114s9999 xx 000 0 und d
100 |a SandovalLeiton, Esteban 
245 |a Comparacion de estructuras de pavimento con sub-bases estabilizadas con cemento Portland emulsion asfaltica 
260 |c 2000 
500 |a NULL 
502 |a Escuela de ingenieria Civil 
650 |z PAVIMENTOS 
999 |c 12501  |d 12501